000 00257 a2200121 4500
001 76628
082 _a428 LON
090 _c39155
_d39155
100 _aLonergan Jack
245 _aFollow Through
260 _aLondon
_bBBC English
_c1985
300 _a168 p.
942 _aNUST-CAE
_k428 LON
999 _c311701
_d311701